Miraculous Ladybug Episodes - Statistics

General Stats
  • This quiz has been taken 180 times
    166 since last reset
  • The average score is 71 of 161
Answer Stats
Season Episode Answer % Correct
Season 1 101 Stormy Weather
83%
Season 1 109 The Bubbler
77%
Season 1 103 Lady Wi-Fi
76%
Season 1 123 Stoneheart (The Origins Part-2)
72%
Season 3 322 Cat Blanc
68%
Season 1 126 Volpina
68%
Season 1 124 Antibug
67%
Season 1 105 Dark Cupid
67%
Season 1 121 Reflekta
67%
Season 1 106 Mr. Pigeon
65%
Season 4 401 Truth
65%
Season 1 104 Princess Fragrance
62%
Season 1 102 The Evillustrator
62%
Season 1 112 The Gamer
62%
Season 1 118 The Puppeteer
62%
Season 1 116 Timebreaker
62%
Season 4 402 Lies
61%
Season 3 324 Ladybug
60%
Season 2 218 Style Queen (Queen's Battle Part-1)
59%
Season 2 201 The Collector
59%
Season 2 219 Queen Wasp (Queen's Battle Part-2)
57%
Season 1 117 Horrificator
56%
Season 2 202 Prime Queen
55%
Season 1 119 The Mime
55%
Season 1 108 Copycat
54%
Season 4 403 Gang of Secrets
54%
Season 2 225 Mayura (Heroes Day Part-2)
54%
Season 3 310 Oblivio
54%
Season 4 408 Queen Banana
54%
Season 1 120 Guitar Villain
52%
Season 4 418 Wishmaker
52%
Season 2 215 Zombizou
52%
Season 2 203 Glaciator
51%
Season 3 326 Miracle Queen (Battle of the Miraculous Part-2)
51%
Season 4 404 Mr. Pigeon 72
51%
Season 2 220 Reverser
51%
Season 1 113 Animan
50%
Season 3 301 Chameleon
50%
Season 4 422 Ephemeral
50%
Season 4 409 Gabriel Agreste
50%
Season 1 111 Rogercop
50%
Season 2 221 Anansi
49%
Season 2 208 Befana
49%
Season 6 604 Daddycop
49%
Season 2 213 Dark Owl
49%
Season 3 316 Gamer 2.0
49%
Season 1 122 Ladybug & Cat Noir (The Origins Part-1)
49%
Season 4 424 Penalteam
49%
Season 4 425 Risk (The Last Attack of Shadow Moth Part-1)
49%
Season 2 212 Sapotis
49%
Season 3 307 Silencer
49%
Season 3 317 Stormy Weather 2
49%
Season 2 214 Syren
49%
Season 3 319 Timetagger
49%
Season 3 306 Weredad
49%
Season 2 216 Captain Hardrock
48%
Season 3 323 Felix
48%
Season 1 125 Kung Food
48%
Season 2 207 Riposte
48%
Season 4 407 Sole Crusher
48%
Season 1 115 The Pharaoh
48%
Season 3 303 Bakerix
46%
Season 2 224 Catalyst (Heroes Day Part-1)
46%
Season 2 204 Despair Bear
46%
Season 2 217 Frozer
46%
Season 1 114 Dark Blade
45%
Season 5 501 Evolution
45%
Season 3 314 Kwami Buster
45%
Season 2 222 Malediktator
45%
Season 3 321 Puppeteer 2
45%
Season 2 226 Santa Claws
45%
Season 1 110 Simon Says
45%
Season 4 426 Strike Back (The Last Attack of Shadow Moth Part-2)
45%
Season 4 415 Glaciator 2
44%
Season 3 318 Ikari Gozen
44%
Season 3 309 Miraculer
44%
Season 3 308 Oni-Chan
44%
Season 3 313 Startrain
44%
Season 6 605 Werepapas
44%
Season 6 601 Climatiqueen
43%
Season 5 503 Destruction
43%
Season 5 507 Passion
43%
Season 4 420 Qilin
43%
Season 3 305 Reflekdoll
43%
Season 4 419 Simpleman
43%
Season 6 603 Sublimation
43%
Season 2 209 Frightningale
41%
Season 4 406 Furious Fu
41%
Season 2 210 Gorizilla
41%
Season 3 325 Heart Hunter (Battle of the Miraculous Part-1)
41%
Season 5 505 Illusion
41%
Season 4 413 Optigami
41%
Season 3 320 Party Crasher
41%
Season 5 516 Protection
41%
Season 4 412 Crocoduel
40%
Season 3 311 Desperada
40%
Season 5 509 Elation
40%
Season 5 504 Jubilation
40%
Season 4 423 Kuro Neko
40%
Season 2 223 Sandboy
40%
Season 6 602 The Illustrhater
40%
Season 5 527 Action
39%
Season 3 302 Animaestro
39%
Season 3 304 Backwarder
39%
Season 3 315 Feast
39%
Season 2 206 Gigantitan
39%
Special X New York: United Heroes
39%
Season 1 107 Pixelator
39%
Season 2 211 Robostus
39%
Season 4 417 Rocketear
39%
Season 4 414 Sentibubbler
39%
Season 6 615 The Ruler
39%
Season 2 205 Troublemaker
39%
Season 3 312 Chris Master
38%
Season 4 421 Dearest Family
38%
Season 6 607 El Toro de Piedra
38%
Season 5 518 Emotion
38%
Season 4 411 Guiltrip
38%
Season 5 502 Multiplication
38%
Season 6 606 Sleeping Syren
38%
Season 5 517 Adoration
37%
Season 4 410 Mega Leech
37%
Season 6 622 Lady Chaos
35%
Special X London: At The Edge of Time
35%
Season 5 512 Perfection
35%
Season 5 526 Re-Creation (The Last Day Part-2)
35%
Season 5 510 Transmission (The Kwamis' Choice Part-1)
35%
Season 5 511 Deflagration (The Kwamis' Choice Part-2)
34%
Season 6 609 Mister Agreste
34%
Season 5 520 Revelation
34%
Season 5 514 Derision
33%
Season 5 506 Determination
33%
Season 4 416 Hack-San
33%
Special X Miraculous World Paris: Tales of Shadybug and Claw Noir
33%
Season 4 405 Psycomedian
33%
Season 5 524 Representation
33%
Season 5 508 Reunion
33%
Season 6 612 Wreckless Driver
33%
Season 5 513 Migration
32%
Season 6 626 Nemesis
32%
Season 6 611 Revelator
32%
Season 5 523 Revolution
32%
Season 5 522 Collusion
30%
Season 5 521 Confrontation
30%
Season 5 515 Intuition
30%
Season 5 525 Conformation (The Last Day Part-1)
29%
Season 6 620 Heart Fixer
29%
Season 6 610 The Dark Castle
29%
Season 6 608 Vampigami
29%
Season 6 613 Yaksi Gozen
29%
Season 6 616 Noe
28%
Season 6 617 A Fairy Good Night
27%
Season 6 623 Sadnansi
27%
Season 6 614 Grendiaper
24%
Season 5 519 Pretention
23%
Season 6 625 Secret Protocol
23%
Season 6 624 Queen of The Dreadzone
21%
Season 6 619 Riginarazione
21%
Season 6 621 The Chained Titans
21%
Special X Shangai: The Legend Of Lady Dragon
20%
Season 6 618 The Dirtifiers
20%
No matching quizzes found
Score Distribution
Percent of People with Each Score
Percentile by Number Answered
Your Score History
You have not taken this quiz since the last reset